书目信息 |
| 题名: |
新编硕士研究生入学英语考试词汇手册
|
|
| 作者: | 汪士彬 主编 | |
| 分册: | ||
| 出版信息: | 北京 宇航出版社 2000 |
|
| 页数: | 692页 | |
| 开本: | 21cm | |
| 丛书名: | ||
| 单 册: | ||
| 中图分类: | H313.1-62 | |
| 科图分类: | ||
| 主题词: | 英语--ying yu , 词汇--ci hui , 英语--ying yu--词汇--研究生--入学考试--手册 | |
| 电子资源: | ||
| ISBN: | 7-80144-340-3 | |
| 000 | 01240nam0 2200337 450 | |
| 000 | 01267nam0 2200337 450 | |
| 000 | 01230nam0 2200325 450 | |
| 000 | 01213nam0 2200325 450 | |
| 000 | 01176nam0 2200313 450 | |
| 001 | CAL 012006061806 | |
| 005 | 20061027153938.96 | |
| 010 | @a7-80144-340-3@dCNY26.00 | |
| 099 | @aCAL 012006061806 | |
| 100 | @a20060825d2000 em y0chiy0120 ea | |
| 101 | 0 | @achi@aeng |
| 102 | @aCN@b110000 | |
| 105 | @ay z 001yy | |
| 200 | 1 | @a新编硕士研究生入学英语考试词汇手册@Axin bian shuo shi yan jiu sheng ru xue ying yu kao shi ci hui shou ce@f汪士彬主编 |
| 210 | @a北京@c宇航出版社@d2000 | |
| 215 | @a692页@d21cm | |
| 320 | @a有索引 | |
| 330 | @a本词汇手册重点训练1440个单词, 书后备有索引, 每个重点词汇后注具体页码。一般词汇(3860个)注词性, 释义等。 | |
| 510 | 1 | @aA new vocabulary handbook for postgraduates' entrance exams in English@zeng |
| 540 | 1 | @a硕士研究生入学英语考试词汇手册@Ashuo shi yan jiu sheng ru xue ying yu kao shi ci hui shou ce |
| 606 | 0 | @a英语@Aying yu |
| 606 | 0 | @a词汇@Aci hui |
| 606 | 0 | @a英语@Aying yu@x词汇@x研究生@x入学考试@j手册 |
| 690 | @aH313.1-62@v4 | |
| 701 | 0 | @a汪士彬@Awang shi bin@4主编 |
| 801 | 0 | @aCN@c20061027 |
| 905 | @a10447@dH313.1-62@eW070 | |
| 新编硕士研究生入学英语考试词汇手册/汪士彬主编.-北京:宇航出版社,2000 |
| 692页;21cm |
| ISBN 7-80144-340-3:CNY26.00 |
| 本词汇手册重点训练1440个单词, 书后备有索引, 每个重点词汇后注具体页码。一般词汇(3860个)注词性, 释义等。 |
| ● |
| 相关链接 |
|
|
|
正题名:新编硕士研究生入学英语考试词汇手册
索取号:H313.1-62/W070
 
预约/预借
| 序号 | 登录号 | 条形码 | 馆藏地/架位号 | 状态 | 备注 |
| 1 | 631622 | 206316226 | 语言库209/209语言库 33排7列5层/ [索取号:H313.1-62/W070] | 在馆 | |
| 2 | 631623 | 206316235 | 语言库209/209语言库 33排7列5层/ [索取号:H313.1-62/W070] | 在馆 | |
| 3 | 631624 | 206316244 | 语言库209/209语言库 33排7列5层/ [索取号:H313.1-62/W070] | 在馆 |